Sondage - Pain au chocolat ou chocolatine ? - Statistiques

Statistiques générales
  • Ce quiz a été pris 91 fois
  • Le résultat moyen est 3 sur 6
Answers on the Grid
Answers color-coded by a green-red scale on the quiz's grid according to % correct below.
Sélectionner
Sélectionner
Sélectionner
Pain au chocolat
Chocolatine
Autre
Sélectionner
Sélectionner
Sélectionner
 
Statistiques - réponses
Réponse % Correct
Sélectionner
85%
Sélectionner
44%
Sélectionner
44%
Sélectionner
41%
Sélectionner
34%
Sélectionner
33%
Aucun quiz correspondant
Distribution des résultats
% des personnes avec chaque résultat
Percentile par nombre de réponses
Votre historique - résultats
Vous n’avez pas pris ce quiz